Statistics for MLB Teams By Player

Click here to take the quiz!

General Stats

  • This quiz has been taken 328 times
    (319 since last reset)
  • The average score is 6 of 15

Answer Stats

PlayerTeam% Correct
Mike TroutLos Angeles Angels
100%
David OrtizBoston Red Sox
98%
Miguel CabreraDetroit Tigers
97%
Brett GardinerNew York Yankees
67%
Billy ButlerKansas City Royals
50%
Yan GomesCleveland Indians
34%
Mike NapoliBoston Red Sox
33%
Tyler ClippardWashington Nationals
33%
Francisco RodriguezMilwaukee Brewers
22%
Wade MileyArizona Diamondbacks
21%
Alex RiosTexas Rangers
20%
Wilin RosarioColorado Rockies
18%
L.J. HoesHouston Astros
17%
Eric ChavezArizona Diamondbacks
14%
T.J. McFarlandBaltimore Orioles
12%

Score Distribution

Percentile by Number Answered

Percent of People with Each Score

Your Score History

You have not taken this quiz since the last reset